Race-to-Nine Word Puzzle #16 - Statistics

General Stats
  • This quiz has been taken 1,836 times
  • The average score is 4 of 7
Answer Stats
# Answer % Correct
3 Ace
100%
4 Alec, Lace
100%
5 Alecs, Laces, Scale
98%
6 Solace
43%
7 Lactose, Locates, Talcose
32%
9 Constable
12%
8 Obstacle
12%
No matching quizzes found
Score Distribution
Percent of People with Each Score
Percentile by Number Answered
Your Score History
You have not taken this quiz